Niños indígenas en escuelas multiculturales Pachuca, Hidalgo /

El presente artículo ofrece datos sobre la población indígena que reside en la ciudad de Pachuca, Hidalgo; compuesta principalmente de migrantes nahua y hñahñu, procedentes de las regiones indígenas del mismo estado. Su distribución geográfica dentro de la ciudad muestra claramente un patrón de asen...

Szczegółowa specyfikacja

Zapisane w:
Opis bibliograficzny
1. autor: Raesfeld, Lydia
Format: Texto
Hasła przedmiotowe:
Etykiety: Dodaj etykietę
Nie ma etykietki, Dołącz pierwszą etykiete!

MARC

LEADER 00000 a a2200000 04500
001 42093
003
040
100 |a Raesfeld, Lydia  
245 |a Niños indígenas en escuelas multiculturales Pachuca, Hidalgo /  |c Lydia Raesfeld  
500 |a lydiaraesfeld@yahoo.com.mx  
520 |a El presente artículo ofrece datos sobre la población indígena que reside en la ciudad de Pachuca, Hidalgo; compuesta principalmente de migrantes nahua y hñahñu, procedentes de las regiones indígenas del mismo estado. Su distribución geográfica dentro de la ciudad muestra claramente un patrón de asentamiento de los grupos y familias indígenas; esto permite identificar colonias y escuelas con un alto grado de población hablante de algunas de sus lenguas. Esta migración trae como consecuencia la inserción de niños en las escuelas de la ciudad para cumplir con la educación básica obligatoria. En estos espacios se confrontan con niños urbanos de distintos contextos culturales y con maestros que han sido preparados para un trabajo con grupos multilingües e interculturales.  
590 |a DISEMINAR092011/RRA/OCTUBRE2011  
650 |a 1.POBLACION INDIGENA  
650 |a 2.MEXICO  
650 |a 3.MIGRACION RURAL URBANA  
650 |a 4.NIÑOS  
650 |a 5.EDUCACION  
650 |a 6.PLURALISMO CULTURAL  
773 |g volumen11, número28 ( , 2009), páginas 38-57 : tablas, mapas  
999 |c 35514  |d 35514